Flagi krajów Afryki Zachodniej - Statystyki

Ogólne statystyki
  • Ten quiz został rozwiązany 556 razy
  • Średni wynik to 12 z 16
Statystyki odpowiedzi
Obrazkowy Odpowiedź % Poprawnych
Nigeria
98%
Senegal
90%
Niger
87%
Wybrzeże Kości Słoniowej
87%
Liberia
85%
Ghana
81%
Mauretania
80%
Togo
80%
Burkina Faso
77%
Benin
72%
Mali
72%
Republika Zielonego Przylądka
72%
Sierra Leone
71%
Gambia
66%
Gwinea
61%
Gwinea Bissau
61%
Nie znaleziono quizów pasujących do podanych kryteriów
Rozkład punktacji
Procent ludzi z każdym wynikiem
Percentyl według liczby udzielonych odpowiedzi
Twoja historia wyników
Nie rozwiązałeś tego quizu